[Event "Oberliga NRW 0809"]
[Site "Germany"]
[Date "2009.02.01"]
[Round "6.2"]
[White "Bashylin, Roman"]
[Black "Wengenroth, Walter"]
[Result "1/2-1/2"]
[WhiteElo "2331"]
[BlackElo "2332"]
[PlyCount "26"]
[EventDate "2008.09.21"]
[EventType "team-tourn"]
[EventRounds "9"]
[EventCountry "GER"]
[SourceTitle "EXT 2010"]
[Source "ChessBase"]
[SourceDate "2010.11.25"]
[SourceVersion "1"]
[SourceVersionDate "2010.11.25"]
[SourceQuality "1"]
[WhiteTeam "Elberfeld"]
[BlackTeam "Duisburg"]
[WhiteTeamCountry "GER"]
[BlackTeamCountry "GER"]

1. d4 d5 2. Nf3 Nf6 3. Bf4 c5 4. c3 Nc6 5. e3 Qb6 6. Qb3 c4 7. Qxb6 axb6 8. Na3 Bf5 9. Bc7 e6 10. Nb5 Ra6 11. Be2 Kd7 12. 0-0 Ne8 13. Bg3 Ra5 1/2-1/2

[Event "NRW Class1 0708"]
[Site "Germany"]
[Date "2008.01.13"]
[Round "5.2"]
[White "Bashylin, Roman"]
[Black "Litwak, Aleksej"]
[Result "1-0"]
[WhiteElo "2325"]
[BlackElo "2301"]
[PlyCount "95"]
[EventDate "2007.09.16"]
[EventType "team-tourn"]
[EventRounds "9"]
[EventCountry "GER"]
[SourceTitle "EXT 2009"]
[Source "ChessBase"]
[SourceDate "2008.11.26"]
[SourceVersion "1"]
[SourceVersionDate "2008.11.26"]
[SourceQuality "1"]
[WhiteTeam "Elberfeld"]
[BlackTeam "Plettenberg"]
[WhiteTeamCountry "GER"]
[BlackTeamCountry "GER"]

1. d4 Nf6 2. Nf3 e6 3. Bg5 h6 4. Bh4 c5 5. e3 Qb6 6. Bxf6 Qxb2 7. Nbd2 gxf6 8. Be2 Qb6 9. 0-0 Qc7 10. Ne4 f5 11. Nf6+ Ke7 12. Nh5 Rg8 13. Qd3 d6 14. e4 fxe4 15. Qxe4 Nd7 16. Bb5 Bg7 17. Qh7 Kf8 18. Nxg7 Rxg7 19. Qh8+ Rg8 20. Qxh6+ Ke7 21. Qh4+ Nf6 22. Ng5 Rxg5 23. Qxg5 cxd4 24. Rab1 b6 25. Bd3 Bb7 26. f3 Rg8 27. Qh4 e5 28. Rbe1 Qc5 29. Re2 Ke6 30. Qh3+ Ke7 31. Qh4 Ke6 32. Kh1 Nd5 33. Qh7 Rf8 34. Qh6+ Ke7 35. f4 Ne3 36. fxe5 Qxe5 37. Qh4+ Ke8 38. Qf4 Qd5 39. c3 Kd8 40. Rff2 Rg8 41. cxd4 Nxg2 42. Qf6+ Kc8 43. Bf5+ Kb8 44. Be4 Qxe4 45. Rxe4 Bxe4 46. Qxd6+ Ka8 47. Qe5 Rg4 48. Qe8+ 1-0

[Event "Dortmund op-A"]
[Site "Dortmund"]
[Date "2005.07.17"]
[Round "9"]
[White "Krueger, Erich"]
[Black "Bashylin, Roman"]
[Result "0-1"]
[WhiteElo "2234"]
[BlackElo "2318"]
[PlyCount "50"]
[EventDate "2005.07.08"]
[EventType "swiss"]
[EventRounds "9"]
[EventCountry "GER"]
[SourceTitle "CBM 107 Extra"]
[Source "ChessBase"]
[SourceDate "2005.09.01"]
[SourceVersion "1"]
[SourceVersionDate "2005.09.01"]
[SourceQuality "1"]

1. d4 Nf6 2. c4 g6 3. Nc3 d6 4. e4 Bg7 5. Be2 0-0 6. Bg5 h6 7. Be3 e5 8. d5 Nbd7 9. g4 Nc5 10. f3 Ne8 11. h4 f5 12. gxf5 gxf5 13. exf5 Bxf5 14. Qd2 Qf6 15. Nh3 e4 16. Nf2 exf3 17. Bxf3 a5 18. 0-0-0 a4 19. Rhg1 a3 20. Bd4 Qxh4 21. Bxg7 Nxg7 22. Bg4 Bh7 23. Nfe4 Bxe4 24. Nxe4 Nxe4 25. Qd4 Qf6 0-1

[Event "Dortmund op-A"]
[Site "Dortmund"]
[Date "2005.07.12"]
[Round "5"]
[White "Kummerow, Heiko"]
[Black "Bashylin, Roman"]
[Result "1/2-1/2"]
[WhiteElo "2297"]
[BlackElo "2318"]
[PlyCount "50"]
[EventDate "2005.07.08"]
[EventType "swiss"]
[EventRounds "9"]
[EventCountry "GER"]
[SourceTitle "CBM 107 Extra"]
[Source "ChessBase"]
[SourceDate "2005.09.01"]
[SourceVersion "1"]
[SourceVersionDate "2005.09.01"]
[SourceQuality "1"]

1. e4 c6 2. d4 d5 3. Nc3 dxe4 4. Nxe4 Bf5 5. Ng3 Bg6 6. h4 h6 7. Nf3 Nd7 8. h5 Bh7 9. Bd3 Bxd3 10. Qxd3 e6 11. Bf4 Bb4+ 12. c3 Be7 13. 0-0-0 Qa5 14. Kb1 Ngf6 15. Qe2 0-0 16. Ne5 Rfe8 17. Ne4 Nxe4 18. Qxe4 Nxe5 19. Bxe5 Qd8 20. Rh3 Bf6 21. Qg4 Qe7 22. Rf3 Bxe5 23. dxe5 Rad8 24. Rfd3 Rxd3 25. Rxd3 Rd8 1/2-1/2